Responses for show #308 - Wednesday, November 13, 1985

1985 Tournament of Champions quarterfinal game 3.

Contestants

John Hnat, a chemical lab technician from Cleveland, Ohio

Paul Boymel, an attorney from Potomac, Maryland

Paul Croshier, a United States Marine Staff Sergeant from Camp Pendleton, California

Jeopardy! Round responses

ROCKS & MINERALS
DOUBLE DOUBLE LETTERS
HOLLYWOOD DOGS
SHAKESPEARE
MS.
SODA POP QUIZ
    $100 1
ore

Paul
    $100 14
beekeeper

John
    $100 7
Ophelia

Paul
    $100 11
vice president (of the United States)

Paul
    $100 6
carbon dioxide

Paul
    $200 16
C

SSGT Paul
    $200 12
tattoo

Paul
    $200 18
Benji

SSGT Paul
    $200 5
palm

John
    $200 8
marathon

John
    $200 9
Pepsi Cola

SSGT Paul
    $300 17
(SSGT. Paul: What is granite?)

marble

SSGT PaulPaul
    $500 13
[Opening to "Dancing in the Sheets" by Shalamar]
(Alex: Paul, have you got a response for me?)
(Paul: Not a clue.)

Footloose

Paul
    $300 2
Cleopatra

Triple Stumper
    $300 23
(SSGT. Paul: What is an Ivy League college?)

service academy

SSGT Paul
Triple Stumper
    $300 10
Coke

Paul
    $400 19
mine

Triple Stumper
    $400 15
(Paul: What is slippery?)

slipperiness

Paul
Triple Stumper
    $400 3
Shakespeare's children

Triple Stumper
    $400 21
[ERRATUM: It should have been Felton and not Fenton.]

Vernor's

Triple Stumper
    $500 20
limestone

Triple Stumper
    $500 24
[The end-of-round signal sounds.]

lessee

SSGT Paul
    $500 4
(SSGT Paul: What is A Midsummer Night's Dream?)

As You Like It

SSGT PaulPaul
    $500 22
7 Up

John

Scores at the first commercial break (after clue 11):

SSGT Paul Paul John
-$300 $1,200 $400

Scores at the end of the Jeopardy! Round:

SSGT Paul Paul John
$0 $800 $1,000

Double Jeopardy! Round responses

POLITICAL SLOGANS
TREES
RODGERS & HAMMERSTEIN
BRITISH HISTORY
HOLIDAYS
"SAINTS"
    $200 18
Vietnam War

John
    $200 3
oak

Paul
    $200 8
Hammerstein

Paul
    $200 11
Beefeaters

Paul
    $200 27
Columbus Day

Paul
    $200 1
St. Nicholas

John
    $400 17
prosperity

John
    $400 19
Knowledge

Paul
    $400 7
The King and I

Paul
    $400 10
Florence Nightingale

SSGT Paul
    $400 26
(SSGT. Paul: What is Mardi Gras?)

Carnival

SSGT Paul
Triple Stumper
    $400 2
St. Patrick's Cathedral

Triple Stumper
    $600 14
Truman

Paul
    $600 28
maple tree

John
    $600 6
Oklahoma!

Paul
    $600 9
Caesar

SSGT Paul
    $600 20
Thanksgiving

SSGT Paul
    $600 21
St. Eligius

Paul
    $800 15
McKinley

Paul
    $200 25
North America

Paul
    $800 5
Nellie Forbush

Triple Stumper
    $800 12
Edward the Confessor

Triple Stumper
    $800 22
Ramadan

Paul
    $1,400 29
[The end-of-round signal sounds.]

St. Vitus (Dance)

John
    $1000 16
(SSGT Paul: Who is William Jennings Bryan?)

Teddy Roosevelt

SSGT Paul
Triple Stumper
    $1000 24
(SSGT Paul: What if the baobob tree?)

Banyan

SSGT Paul
Triple Stumper
    $1000 4
Cinderella

Triple Stumper
    $1000 13
The Domesday Book

Triple Stumper
    $1000 23
March

Triple Stumper

Scores at the end of the Double Jeopardy! Round:

SSGT Paul Paul John
-$800 $6,000 $3,800

Final Jeopardy! Round responses

BIOLOGY
JohnWhat is AB positive?
$1,000
PaulWhat is AB?
$1,601
AB

Final scores:

SSGT Paul Paul John
-$800 $7,601 $4,800
3rd place: $1,000 if eliminated Automatic semifinalist 2nd place: $1,000 if eliminated

Game dynamics:

Coryat scores:

SSGT Paul Paul John
-$800 $7,100 $3,200
7 R,
6 W
20 R
(including 1 DD),
2 W
(including 1 DD)
9 R
(including 1 DD),
0 W

Combined Coryat: $9,500

The J! Archive is created by fans, for fans. The Jeopardy! game show and all elements thereof, including but not limited to copyright and trademark thereto, are the property of Jeopardy Productions, Inc. and are protected under law. This website is not affiliated with, sponsored by, or operated by Jeopardy Productions, Inc. Join the discussion at JBoard.tv.